Psicología y pedagogía /

Guardado en:
Autor Principal: Piaget, Jean
Formato: Libro
Publicado: : Ariel, 1993
Materias:
Etiquetas: Agregar Etiqueta
Sin Etiquetas, Sea el primero en etiquetar este registro!
LEADER 00553nam a22002055a 4500
001 CEM.cems007168
005 20060214000000.0
008 130507s1993##################000#0#####d
003 CEMS
082 0 4 |a 370.15 
100 1 |a Piaget, Jean 
245 1 0 |a Psicología y pedagogía / 
260 |a : Ariel,  |c 1993 
300 |a 209 p. 
653 |a Educacion 
653 |a Pedagogia 
653 |a Pedagogia y psicología 
653 |a Psicología de la educacion 
653 |a Psicología y pedagogia 
859 |a CEMS  |b BIB. CEMS - 11 de abril  |h 370.15  |i P571  |p 16891.93  |t Ej.1